Banderas de países con más franjas - Estadísticas

Estadísticas generales
  • Esta prueba ha sido intentada 1.975 veces
  • La puntuación promedio es 6 de 7
Estadísticas de respuestas
Imagen Hint Respuesta % Correcto
13 Estados Unidos
100%
9 Grecia
99%
9 Uruguay
99%
14 Malasia
96%
6 Uganda
92%
11 Liberia
82%
7 Zimbabue
71%
No se encontraron pruebas coincidentes
Distribución de puntuación
Porcentaje de gente con cada puntuación
Porcentaje por número respondido
Historial de tus puntuaciones
No has intentado esta prueba.